Landkreis Würzburg - Statistiken

Allgemein
  • Dieses Quiz wurde 69 mal gespielt
  • Das Durchschnittsergebnis liegt bei 27 aus 129
Antwortstatistiken
Landkreis % Korrekt
Veitshöchheim
70%
Höchberg
64%
Randersacker
64%
Rottendorf
64%
Rimpar
62%
Estenfeld
57%
Ochsenfurt
57%
Gerbrunn
55%
Zell am Main
53%
Giebelstadt
51%
Sommerhausen
51%
Winterhausen
51%
Kürnach
49%
Kist
43%
Margetshöchheim
43%
Theilheim
43%
Eibelstadt
40%
Waldbüttelbrunn
40%
Eisingen
38%
Güntersleben
38%
Leinach
38%
Oberdürrbach
38%
Thüngersheim
38%
Lengfeld
36%
Unterpleichfeld
36%
Erlabrunn
34%
Gaukönigshofen
34%
Unterdürrbach
34%
Waldbrunn
34%
Bergtheim
32%
Versbach
32%
Zellerau
32%
Frickenhausen
30%
Heidingsfeld
30%
Kleinrinderfeld
30%
Oberpleichfeld
30%
Sanderau
30%
Würzburg
30%
Hettstadt
28%
Heuchelhof
28%
Prosselsheim
28%
Reichenberg
28%
Aub
26%
Frauenland
26%
Fuchsstadt
26%
Gramschatz
26%
Helmstadt
26%
Rieden
26%
Gaubüttelbrunn
23%
Maidbronn
23%
Opferbaum
23%
Ingolstadt
21%
Kirchheim
21%
Röttingen
21%
Sonderhofen
21%
Bütthard
19%
Hausen bei Würzburg
19%
Steinbach
19%
Sulzdorf
19%
Burggrumbach
17%
Eisenheim
17%
Mühlhausen
17%
Erbshausen
15%
Erlach
15%
Essfeld
15%
Geroldshausen
15%
Lindelbach
15%
Obereisenheim
15%
Püssensheim
15%
Rothof
15%
Tauberrettersheim
15%
Albertshausen
13%
Dipbach
13%
Gelchsheim
13%
Gossmannsdorf
13%
Holzkirchen
13%
Hopferstadt
13%
Remlingen
13%
Riedenheim
13%
Uettingen
13%
Acholshausen
11%
Darstadt
11%
Hilpertshausen
11%
Hohestadt
11%
Neubrunn
11%
Rossbrunn
11%
Rupprechtshausen
11%
Eichelsee
9%
Euerhausen
9%
Herchsheim
9%
Moos
9%
Tückelhausen
9%
Wolkshausen
9%
Zeubelried
9%
Baldersheim
6%
Bolzhausen
6%
Gützingen
6%
Klingen
6%
Klingholz
6%
Limbachshof
6%
Oellingen
6%
Oesfeld
6%
Rittershausen
6%
Sächsenheim
6%
Steinbachtal
6%
Strüth
6%
Wüstenzell
6%
Allersheim
4%
Altersheim
4%
Aufstetten
4%
Gaurettersheim
4%
Holzkirchenhausen
4%
Lenzenbrunn
4%
Mädelshofen
4%
Stalldorf
4%
Buch
2%
Burgerroth
2%
Höttingen
2%
Lindflur
2%
Osthausen
2%
Rotterbauer
2%
Seemühle
2%
Tiefenthal
2%
Bieberehen
0%
Böttingheim
0%
Greußheim
0%
Maisenbachdorf
0%
Selingenstadt
0%
Uengerhausen
0%
Keine übereinstimmenden Quizze gefunden
Verteilung der Resultate
Anzahl Personen mit jedem Resultat
Perzentil nach korrekt beantworteten Fragen
Ihre Resultats-Entwicklung
Sie haben dieses Quiz noch nicht gespielt